000 00294nam a22001217a 4500
008 170503b xxu||||| |||| 00| 0 eng d
041 _aeng
080 _a347
100 _a13
101 _ashj
245 _aTE DREJTAT E NJERIUT NE ADMINISTRIMIN E DREJTESIIS
_cOSMANI.N
942 _2udc
_cBK
999 _c12574
_d12574